Metodológia a aplikácie finančno-ekonomickej analýzy podniku
Salvato in:
| Autore principale: | |
|---|---|
| Ente Autore: | |
| Altri autori: | , |
| Natura: | Libro |
| Lingua: | slovacco |
| Pubblicazione: |
Banská Bystrica
BELIANUM
2021
|
| Edizione: | 1. vydanie |
| Soggetti: | |
| Tags: |
Nessun Tag, puoi essere il primo ad aggiungerne!!
|
MARC
| LEADER | 00000nam a2200000 4500 | ||
|---|---|---|---|
| 001 | 0282642 | ||
| 005 | 20240416114149.3 | ||
| 020 | |a 978-80-557-1927-6 | ||
| 041 | 0 | |a slo | |
| 044 | |a SK | ||
| 245 | 1 | 0 | |a Metodológia a aplikácie finančno-ekonomickej analýzy podniku |c Vladimír Úradníček, Martin Boďa, Petra Cisková |
| 250 | |a 1. vydanie | ||
| 264 | 1 | |a Banská Bystrica |b BELIANUM |c 2021 | |
| 300 | |a 280 s. | ||
| 610 | 2 | 0 | |a analýza finančná |
| 610 | 2 | 0 | |a metodológia |
| 610 | 2 | 0 | |a súvaha |
| 610 | 2 | 0 | |a výkaz ziskov a strát |
| 610 | 2 | 0 | |a ukazovatele rentability |
| 610 | 2 | 0 | |a cash flow |
| 610 | 2 | 0 | |a výkonnosť podniku |
| 610 | 2 | 0 | |a analýza komparatívna |
| 610 | 2 | 0 | |a metódy kvantitatívne |
| 610 | 2 | 0 | |a benchmarking |
| 610 | 2 | 0 | |a majetok neobežný |
| 610 | 2 | 0 | |a majetok obežný |
| 100 | 1 | |a Úradníček, Vladimír | |
| 700 | 1 | |a Boďa, Martin | |
| 700 | 1 | |a Cisková, Petra | |
| 710 | 2 | |a Univerzita Mateja Bela v Banskej Bystrici. Ekonomická fakulta | |